[Event "Barcelona Vila de Grаcia op 16th"]
[Site "Barcelona"]
[Date "2022.10.21"]
[Round "4"]
[White "Picanol Alemany, Antonio"]
[Black "Valenzuela Gomez, Fernando Alberto"]
[Result "0-1"]
[WhiteElo "2222"]
[BlackElo "2362"]
[PlyCount "76"]
[EventDate "2022.09.30"]
[EventType "swiss"]
[EventRounds "9"]
[EventCountry "ESP"]
[SourceTitle "EXT 2024"]
[Source "ChessBase"]
[SourceDate "2023.10.10"]
[SourceVersion "1"]
[SourceVersionDate "2023.10.10"]
[SourceQuality "1"]

1. c4 e5 2. g3 c6 3. d4 e4 4. d5 Bb4+ 5. Nc3 Nf6 6. Bg2 cxd5 7. cxd5 0-0 8. Nh3 h6 9. 0-0 d6 10. Be3 Bf5 11. Bd4 Nbd7 12. f3 exf3 13. exf3 Bc5 14. Nf2 Re8 15. Rc1 Rc8 16. a3 Nb6 17. Na4 Nxa4 18. Qxa4 b5 19. Qd1 Nxd5 20. Bxc5 dxc5 21. Re1 Rxe1+ 22. Qxe1 Qf6 23. Rd1 Nb6 24. g4 Bg6 25. Qa5 Qxb2 26. Qxa7 Na4 27. f4 Nc3 28. Qd7 Rf8 29. f5 Bh7 30. Re1 c4 31. Re8 Qxa3 32. Ne4 Nxe4 33. Bxe4 Kh8 34. Rxf8+ Qxf8 35. Qxb5 c3 36. Qc6 Qe7 37. Kg2 Bg8 38. Bd5 Qe2+ 0-1

[Event "Barcelona Vila de Grаcia op 16th"]
[Site "Barcelona"]
[Date "2022.09.30"]
[Round "1"]
[White "Corominas Garrido, Jordi"]
[Black "Picanol Alemany, Antonio"]
[Result "0-1"]
[WhiteElo "1636"]
[BlackElo "2222"]
[PlyCount "57"]
[EventDate "2022.09.30"]
[EventType "swiss"]
[EventRounds "9"]
[EventCountry "ESP"]
[SourceTitle "EXT 2024"]
[Source "ChessBase"]
[SourceDate "2023.10.10"]
[SourceVersion "1"]
[SourceVersionDate "2023.10.10"]
[SourceQuality "1"]

1. d4 Nf6 2. c4 e6 3. a3 d5 4. Nc3 Be7 5. Nf3 0-0 6. Bg5 Nbd7 7. e3 h6 8. Bh4 b6 9. cxd5 exd5 10. Be2 Bb7 11. Rc1 c5 12. 0-0 a6 13. a4 Rc8 14. b3 Ne4 15. Bxe7 Qxe7 16. Nxe4 dxe4 17. Ne1 cxd4 18. Rxc8 Rxc8 19. Qxd4 Nc5 20. Bc4 b5 21. axb5 axb5 22. Bxb5 Nxb3 23. Qb2 Qb4 24. Be2 Bd5 25. Nc2 Qd2 26. Bd1 Bc4 27. Bg4 Bxf1 28. Bxc8 Bd3 29. Qxb3 0-1

[Event "Barcelona Vila de Gracia op 25th"]
[Site "Barcelona"]
[Date "2021.11.26"]
[Round "9"]
[White "Picanol Alemany, Antonio"]
[Black "Colomer Gomez, Jordi"]
[Result "1/2-1/2"]
[WhiteElo "2216"]
[BlackElo "1826"]
[PlyCount "68"]
[EventDate "2021.10.01"]
[EventType "swiss"]
[EventRounds "9"]
[EventCountry "ESP"]
[SourceTitle "EXT 2023"]
[Source "ChessBase"]
[SourceDate "2022.10.05"]
[SourceVersion "1"]
[SourceVersionDate "2022.10.05"]
[SourceQuality "1"]

1. c4 c5 2. Nc3 Nc6 3. Nf3 g6 4. d4 cxd4 5. Nxd4 Bg7 6. Nc2 Bxc3+ 7. bxc3 Qa5 8. e4 Qxc3+ 9. Bd2 Qg7 10. Be2 d6 11. 0-0 h5 12. Ne3 Nh6 13. Nd5 0-0 14. Bc3 f6 15. Nc7 Rb8 16. c5 Nf7 17. f4 dxc5 18. Qd5 Nd4 19. Bc4 b6 20. Bxd4 cxd4 21. Qxd4 Kh7 22. Be6 Rd8 23. Qb4 Rd6 24. Ne8 Qf8 25. Nxd6 Nxd6 26. Bxc8 Qxc8 27. Rac1 Qb7 28. Rfe1 Rc8 29. Rxc8 Qxc8 30. h3 h4 31. Qd4 f5 32. e5 Ne4 33. Rd1 Qc2 34. a4 Nc3 1/2-1/2

[Event "Barcelona Vila de Gracia op 25th"]
[Site "Barcelona"]
[Date "2021.10.01"]
[Round "1"]
[White "Ibanez Camara, Oscar"]
[Black "Picanol Alemany, Antonio"]
[Result "0-1"]
[WhiteElo "1621"]
[BlackElo "2216"]
[PlyCount "60"]
[EventDate "2021.10.01"]
[EventType "swiss"]
[EventRounds "9"]
[EventCountry "ESP"]
[SourceTitle "EXT 2023"]
[Source "ChessBase"]
[SourceDate "2022.10.05"]
[SourceVersion "1"]
[SourceVersionDate "2022.10.05"]
[SourceQuality "1"]

1. e4 c5 2. Nf3 d6 3. d4 cxd4 4. Nxd4 Nf6 5. Nc3 a6 6. Be3 e5 7. Nb3 Be6 8. f3 Be7 9. Qd2 Nbd7 10. g4 b5 11. g5 b4 12. Na4 Nh5 13. 0-0-0 0-0 14. Kb1 a5 15. Qf2 Rb8 16. Qh4 g6 17. Be2 Qc7 18. f4 Nxf4 19. Bxf4 Rfc8 20. Bd3 exf4 21. Nd2 Ne5 22. Rc1 Bd7 23. b3 Bxa4 24. bxa4 Qc3 25. Qxf4 Nxd3 26. cxd3 Qxd3+ 27. Ka1 Bf8 28. Nf3 Bg7+ 29. e5 dxe5 30. Nxe5 Qe2 0-1

[Event "La Pobla de Lillet op-A 30th"]
[Site "La Pobla de Lillet"]
[Date "2021.08.05"]
[Round "4"]
[White "Mathet, Jeremy"]
[Black "Picanol Alemany, Antonio"]
[Result "0-1"]
[WhiteElo "1970"]
[BlackElo "2216"]
[PlyCount "110"]
[EventDate "2021.08.02"]
[EventType "swiss"]
[EventRounds "9"]
[EventCountry "ESP"]
[SourceTitle "EXT 2022"]
[Source "ChessBase"]
[SourceDate "2021.10.06"]
[SourceVersion "1"]
[SourceVersionDate "2021.10.06"]
[SourceQuality "1"]

1. d4 Nf6 2. Nf3 e6 3. c4 d5 4. Bg5 Be7 5. Nc3 0-0 6. e3 h6 7. Bh4 b6 8. Rc1 Bb7 9. Bd3 Nbd7 10. 0-0 c5 11. Qe2 a6 12. a4 Ne4 13. Bxe7 Qxe7 14. Ne5 Nxc3 15. bxc3 Nxe5 16. dxe5 Bc6 17. Bc2 dxc4 18. Qxc4 Rfd8 19. Qg4 Qb7 20. Rfd1 Qc7 21. Qf4 f6 22. exf6 Qxf4 23. exf4 gxf6 24. Rxd8+ Rxd8 25. Rd1 Rxd1+ 26. Bxd1 a5 27. c4 Be4 28. g3 Kf7 29. f3 Bb1 30. Bb3 Kg6 31. Kf2 h5 32. h3 h4 33. g4 Bd3 34. Kg1 e5 35. fxe5 fxe5 36. Kf2 Kg5 37. Ke3 Bf1 38. Ke4 Kf6 39. f4 exf4 40. Kxf4 Bxh3 41. g5+ Kg7 42. Bc2 Bf1 43. Kg4 h3 44. Kg3 Kf7 45. Kh2 Ke6 46. Kg3 Ke5 47. g6 Bxc4 48. Kxh3 Kf4 49. g7 Bg8 50. Kg2 Ke3 51. Kf1 Kd2 52. Bb1 c4 53. Ba2 Kc2 54. Ke2 Kb2 55. Kd2 c3+ 0-1

[Event "Barcelona Tres Peons op 22nd"]
[Site "Barcelona"]
[Date "2020.02.26"]
[Round "8"]
[White "Picanol Alemany, Antonio"]
[Black "Cano Sevila, Ivan"]
[Result "1-0"]
[WhiteElo "2215"]
[BlackElo "1983"]
[PlyCount "87"]
[EventDate "2020.01.08"]
[EventType "swiss"]
[EventRounds "9"]
[EventCountry "ESP"]
[SourceTitle "CBM 195 Extra"]
[Source "ChessBase"]
[SourceDate "2020.05.31"]
[SourceVersion "1"]
[SourceVersionDate "2020.05.31"]
[SourceQuality "1"]

1. c4 Nf6 2. g3 c5 3. Nc3 d5 4. cxd5 Nxd5 5. Bg2 Nc7 6. Qb3 Nc6 7. Bxc6+ bxc6 8. Nf3 f6 9. d3 e5 10. Ne4 Ne6 11. Be3 Qb6 12. Qc3 Nd4 13. Rc1 Rb8 14. b3 Bg4 15. Bxd4 exd4 16. Qc4 Qa5+ 17. Nfd2 Qxa2 18. Nxc5 Qa3 19. Nce4 Bh3 20. f3 Bd7 21. 0-0 Qb4 22. Rc2 Be7 23. Ra1 a5 24. Nc5 Bxc5 25. Qxc5 Qxc5 26. Rxc5 0-0 27. Ra4 Rfe8 28. Kf2 Be6 29. Rxd4 Bxb3 30. Nxb3 Rxb3 31. Rxc6 Rb2 32. Re4 Rd8 33. Rc7 h6 34. Ree7 Rxd3 35. Rxg7+ Kf8 36. Rh7 Kg8 37. Rhd7 Rxd7 38. Rxd7 a4 39. Ra7 Ra2 40. g4 a3 41. h4 Ra1 42. Ke3 a2 43. h5 Kf8 44. Kf4 1-0

[Event "Barcelona Tres Peons op 22nd"]
[Site "Barcelona"]
[Date "2020.01.08"]
[Round "1"]
[White "Madrid Sole, Antonio"]
[Black "Picanol Alemany, Antonio"]
[Result "0-1"]
[WhiteElo "1806"]
[BlackElo "2215"]
[PlyCount "46"]
[EventDate "2020.01.08"]
[EventType "swiss"]
[EventRounds "9"]
[EventCountry "ESP"]
[SourceTitle "CBM 195 Extra"]
[Source "ChessBase"]
[SourceDate "2020.05.31"]
[SourceVersion "1"]
[SourceVersionDate "2020.05.31"]
[SourceQuality "1"]

1. d4 Nf6 2. Nf3 e6 3. e3 c5 4. Bd3 Nc6 5. c3 d5 6. Nbd2 Qc7 7. 0-0 Bd7 8. dxc5 Bxc5 9. Qe2 0-0 10. e4 Nh5 11. Nb3 Bd6 12. exd5 exd5 13. Bxh7+ Kxh7 14. Ng5+ Kg6 15. Qd3+ Bf5 16. Qxd5 Rad8 17. Qf3 Bxh2+ 18. Kh1 Ne5 19. Qe2 Bd3 20. Qe3 Bf4 21. Qxa7 Bxf1 22. Bxf4 Bxg2+ 23. Kxg2 Nxf4+ 0-1

[Event "Barcelona Vila de Gracia op 23rd"]
[Site "Barcelona"]
[Date "2019.11.15"]
[Round "5"]
[White "Picanol Alemany, Antonio"]
[Black "De Azua Arpi, Rafael"]
[Result "1-0"]
[WhiteElo "2252"]
[BlackElo "1933"]
[PlyCount "83"]
[EventDate "2019.10.11"]
[EventType "swiss"]
[EventRounds "9"]
[EventCountry "ESP"]
[SourceTitle "CBM 194 Extra"]
[Source "ChessBase"]
[SourceDate "2020.03.31"]
[SourceVersion "1"]
[SourceVersionDate "2020.03.31"]
[SourceQuality "1"]

1. c4 Nf6 2. g3 e5 3. Bg2 Nc6 4. Nc3 Be7 5. Nf3 d5 6. cxd5 Nxd5 7. Nxe5 Nxe5 8. Nxd5 Bd6 9. d4 Ng6 10. e4 c6 11. Nc3 h5 12. h4 Bg4 13. Bf3 Qd7 14. Be3 0-0-0 15. Bxg4 hxg4 16. Qb3 Kb8 17. 0-0-0 Rhe8 18. Kb1 f6 19. Ka1 Ka8 20. Rc1 f5 21. e5 Bb8 22. Na4 Qd5 23. Qxd5 Rxd5 24. h5 Nf8 25. h6 Ne6 26. hxg7 Nxg7 27. Nc3 Rdd8 28. Ne2 Ne6 29. Rh5 Rf8 30. Rh6 Rde8 31. b4 a6 32. Kb2 Nc7 33. Nf4 Ba7 34. a4 Rf7 35. Rch1 Nd5 36. Nxd5 cxd5 37. Rh7 Rxh7 38. Rxh7 b5 39. a5 Rc8 40. Rd7 Rc4 41. e6 Rxb4+ 42. Kc3 1-0

[Event "Barcelona Tupinamba op 12th"]
[Site "Barcelona"]
[Date "2017.04.26"]
[Round "5.1"]
[White "Picanol Alemany, Antonio"]
[Black "Vidarte Morales, Arturo"]
[Result "1/2-1/2"]
[WhiteElo "2277"]
[BlackElo "2360"]
[PlyCount "43"]
[EventDate "2017.03.22"]
[EventType "swiss"]
[EventRounds "9"]
[EventCountry "ESP"]
[SourceTitle "EXT 2024"]
[Source "ChessBase"]
[SourceDate "2023.10.10"]
[SourceVersion "1"]
[SourceVersionDate "2023.10.10"]
[SourceQuality "1"]

1. c4 Nf6 2. g3 g6 3. Bg2 Bg7 4. Nc3 0-0 5. e4 c5 6. Nge2 Nc6 7. 0-0 d6 8. d3 Ne8 9. Be3 Nc7 10. d4 cxd4 11. Nxd4 Nxd4 12. Bxd4 Bxd4 13. Qxd4 Ne6 14. Qd2 Bd7 15. Rad1 Bc6 16. f4 a5 17. Kh1 Nc5 18. Rfe1 Qb6 19. Re2 Qb4 20. Qd4 Ne6 21. Qd3 Nc5 22. Qd4 1/2-1/2

[Event "Barcelona Tupinamba op 12th"]
[Site "Barcelona"]
[Date "2017.03.29"]
[Round "2.3"]
[White "Barragan Hernandez, Manel"]
[Black "Picanol Alemany, Antonio"]
[Result "0-1"]
[WhiteElo "1851"]
[BlackElo "2277"]
[PlyCount "68"]
[EventDate "2017.03.22"]
[EventType "swiss"]
[EventRounds "9"]
[EventCountry "ESP"]
[SourceTitle "EXT 2024"]
[Source "ChessBase"]
[SourceDate "2023.10.10"]
[SourceVersion "1"]
[SourceVersionDate "2023.10.10"]
[SourceQuality "1"]

1. e4 e6 2. d4 d5 3. exd5 exd5 4. Nf3 Bd6 5. c4 c6 6. Nc3 Ne7 7. cxd5 cxd5 8. Be2 Nbc6 9. 0-0 0-0 10. Be3 Bc7 11. Rc1 Bg4 12. Ne1 Be6 13. Nd3 Nf5 14. Nb5 Bb8 15. Nc5 Bc8 16. Qd2 Re8 17. Bd3 Nxe3 18. fxe3 Qh4 19. g3 Qg5 20. Rce1 h5 21. Qf2 Re7 22. Bf5 Bxf5 23. Qxf5 Qxf5 24. Rxf5 a6 25. Nc3 Nxd4 26. Ref1 Nc2 27. Nxd5 Re5 28. Rd1 Ba7 29. Nd7 Rxd5 30. Rfxd5 Nxe3 31. Rxh5 Nxd1+ 32. Kf1 Rc8 33. Re5 f6 34. Re2 Kf7 0-1

[Event "Barcelona Tupinamba op 12th"]
[Site "Barcelona"]
[Date "2017.03.22"]
[Round "1.3"]
[White "Picanol Alemany, Antonio"]
[Black "Martinez Diaz, Francisco Javier"]
[Result "1-0"]
[WhiteElo "2277"]
[BlackElo "1867"]
[PlyCount "47"]
[EventDate "2017.03.22"]
[EventType "swiss"]
[EventRounds "9"]
[EventCountry "ESP"]
[SourceTitle "EXT 2024"]
[Source "ChessBase"]
[SourceDate "2023.10.10"]
[SourceVersion "1"]
[SourceVersionDate "2023.10.10"]
[SourceQuality "1"]

1. e4 c6 2. d4 d5 3. exd5 cxd5 4. c4 Nf6 5. Nc3 e6 6. Nf3 Be7 7. c5 0-0 8. Bd3 Nc6 9. a3 Ne8 10. 0-0 Bf6 11. Bc2 g6 12. Bh6 Bg7 13. Bf4 Bf6 14. Re1 Nc7 15. Qd2 Ne7 16. h3 Bd7 17. Bd3 a6 18. Bf1 Nb5 19. Ne2 Nc6 20. a4 Nc7 21. b4 a5 22. b5 Nb4 23. Nc1 Rc8 24. Nb3 1-0

[Event "Barcelona Puig Memorial op 2nd"]
[Site "Barcelona"]
[Date "2016.11.30"]
[Round "9"]
[White "Picanol Alemany, Antonio"]
[Black "Valls Marti, Artur"]
[Result "1/2-1/2"]
[WhiteElo "2235"]
[BlackElo "2100"]
[PlyCount "37"]
[EventDate "2016.09.28"]
[EventType "swiss"]
[EventRounds "9"]
[EventCountry "ESP"]
[SourceTitle "EXT 2018"]
[Source "ChessBase"]
[SourceDate "2017.10.13"]
[SourceVersion "1"]
[SourceVersionDate "2017.10.13"]
[SourceQuality "1"]

1. c4 e5 2. g3 c6 3. d4 Bb4+ 4. Bd2 Bxd2+ 5. Qxd2 d6 6. Nc3 Nf6 7. dxe5 dxe5 8. Qxd8+ Kxd8 9. Nf3 Re8 10. Rd1+ Kc7 11. Ng5 Re7 12. Bg2 h6 13. Nge4 Nxe4 14. Nxe4 Be6 15. b3 Na6 16. 0-0 Rd8 17. Rxd8 Kxd8 18. Rd1+ Rd7 19. Nd6 1/2-1/2

[Event "Barcelona Puig Memorial op 2nd"]
[Site "Barcelona"]
[Date "2016.11.09"]
[Round "6"]
[White "Picanol Alemany, Antonio"]
[Black "Vidarte Morales, Arturo"]
[Result "1/2-1/2"]
[WhiteElo "2235"]
[BlackElo "2340"]
[PlyCount "37"]
[EventDate "2016.09.28"]
[EventType "swiss"]
[EventRounds "9"]
[EventCountry "ESP"]
[SourceTitle "EXT 2018"]
[Source "ChessBase"]
[SourceDate "2017.10.13"]
[SourceVersion "1"]
[SourceVersionDate "2017.10.13"]
[SourceQuality "1"]

1. c4 f5 2. g3 Nf6 3. Bg2 g6 4. Nc3 Nc6 5. d3 Bg7 6. e4 d6 7. Nge2 0-0 8. 0-0 e5 9. f4 Be6 10. Nd5 Qd7 11. Nec3 Nh5 12. Bf3 Nf6 13. Bg2 Rae8 14. fxe5 Nxe5 15. Bg5 Nh5 16. Nf4 Nxf4 17. Bxf4 c6 18. Qd2 Kh8 19. Rae1 1/2-1/2

[Event "Barcelona Puig Memorial op 2nd"]
[Site "Barcelona"]
[Date "2016.10.19"]
[Round "3"]
[White "Comellas Blanchart, Jordi"]
[Black "Picanol Alemany, Antonio"]
[Result "0-1"]
[WhiteElo "2043"]
[BlackElo "2235"]
[PlyCount "62"]
[EventDate "2016.09.28"]
[EventType "swiss"]
[EventRounds "9"]
[EventCountry "ESP"]
[SourceTitle "EXT 2018"]
[Source "ChessBase"]
[SourceDate "2017.10.13"]
[SourceVersion "1"]
[SourceVersionDate "2017.10.13"]
[SourceQuality "1"]

1. d4 Nf6 2. c4 e6 3. g3 Bb4+ 4. Bd2 Be7 5. Bg2 d5 6. Nf3 0-0 7. 0-0 c6 8. Qc2 b6 9. Bf4 Bb7 10. Rd1 Nbd7 11. Ne5 Qc8 12. Nc3 Rd8 13. e4 dxe4 14. Nxe4 Nxe5 15. Bxe5 Nxe4 16. Bxe4 h6 17. c5 Qd7 18. Qa4 Qe8 19. cxb6 axb6 20. Qb3 b5 21. a4 Ba6 22. Qf3 Rac8 23. Rac1 c5 24. dxc5 Rxd1+ 25. Qxd1 Rxc5 26. Rxc5 Bxc5 27. Qd3 Ba7 28. Qc3 bxa4 29. Bc6 Qd8 30. Bxa4 Qd5 31. Bb3 Qb5 0-1

[Event "Barcelona Primavera La Lira op 8th"]
[Site "Barcelona"]
[Date "2015.05.28"]
[Round "8"]
[White "Flores Linan, Josep Luis"]
[Black "Picanol Alemany, Antonio"]
[Result "0-1"]
[WhiteElo "1859"]
[BlackElo "2308"]
[PlyCount "64"]
[EventDate "2015.04.09"]
[EventType "swiss"]
[EventRounds "9"]
[EventCountry "ESP"]
[SourceTitle "CBM 166 Extra"]
[Source "ChessBase"]
[SourceDate "2015.06.18"]
[SourceVersion "1"]
[SourceVersionDate "2015.06.18"]
[SourceQuality "1"]

1. d4 Nf6 2. c4 c5 3. d5 b5 4. cxb5 a6 5. b6 e6 6. Nc3 Nxd5 7. Nxd5 exd5 8. Qxd5 Nc6 9. Nf3 Be7 10. g3 0-0 11. Bg2 Rb8 12. 0-0 Rxb6 13. b3 Nb4 14. Qf5 d5 15. Qb1 Re8 16. Bb2 Be6 17. e3 Qc8 18. Bc3 Bf5 19. Qb2 Nd3 20. Qd2 Be4 21. Ne1 Nb4 22. Rc1 Qe6 23. Bxb4 Rxb4 24. Nd3 Bxd3 25. Qxd3 Rd8 26. Rfd1 d4 27. e4 a5 28. f4 a4 29. Rb1 axb3 30. Rxb3 c4 31. f5 Qc8 32. Rc1 Rxb3 0-1

[Event "Barcelona Tupinamba op 8th"]
[Site "Barcelona"]
[Date "2013.05.15"]
[Round "8"]
[White "Daguro Dasalla, Armando"]
[Black "Picanol Alemany, Antonio"]
[Result "0-1"]
[WhiteElo "2003"]
[BlackElo "2323"]
[PlyCount "64"]
[EventDate "2013.03.13"]
[EventType "swiss"]
[EventRounds "9"]
[EventCountry "ESP"]
[SourceTitle "EXT 2014"]
[Source "ChessBase"]
[SourceDate "2013.11.20"]
[SourceVersion "1"]
[SourceVersionDate "2013.11.20"]
[SourceQuality "1"]

1. d4 Nf6 2. Nf3 c5 3. c4 cxd4 4. Nxd4 b6 5. Nc3 Bb7 6. Bg5 d6 7. Bxf6 gxf6 8. e4 Nc6 9. Nc2 Rc8 10. g3 f5 11. Bh3 Ne5 12. 0-0 fxe4 13. Ne3 e6 14. Qh5 Qf6 15. Bg2 Nf3+ 16. Bxf3 exf3 17. Rfe1 Be7 18. Qb5+ Bc6 19. Qa6 Ra8 20. Rac1 0-0 21. b4 Rfb8 22. a3 Qh6 23. c5 dxc5 24. Qc4 Rd8 25. Rcd1 Qg7 26. Nf5 Qg5 27. Nxe7+ Qxe7 28. bxc5 Qxc5 29. Rxd8+ Rxd8 30. Qh4 Rd4 31. Qh6 Qxc3 32. Qg5+ Kf8 0-1

[Event "Barcelona Chavarria Memorial 1st"]
[Site "Barcelona"]
[Date "2012.11.28"]
[Round "9"]
[White "Picanol Alemany, Antonio"]
[Black "Sanchez Ibern, Marc"]
[Result "1/2-1/2"]
[WhiteElo "2325"]
[BlackElo "2332"]
[PlyCount "38"]
[EventDate "2012.10.03"]
[EventType "swiss"]
[EventRounds "9"]
[EventCountry "ESP"]
[SourceTitle "EXT 2014"]
[Source "ChessBase"]
[SourceDate "2013.11.20"]
[SourceVersion "1"]
[SourceVersionDate "2013.11.20"]
[SourceQuality "1"]

1. c4 e5 2. g3 Nf6 3. Bg2 d5 4. cxd5 Nxd5 5. Nc3 Nb6 6. Nf3 Nc6 7. 0-0 Be7 8. a3 0-0 9. b4 Be6 10. d3 f6 11. Bb2 a5 12. b5 Nd4 13. Nxd4 exd4 14. Na4 Bd5 15. Nxb6 cxb6 16. Qa4 Bxg2 17. Kxg2 Qd5+ 18. Kg1 Bc5 19. Qc4 Rad8 1/2-1/2

[Event "Barcelona Chavarria Memorial 1st"]
[Site "Barcelona"]
[Date "2012.11.07"]
[Round "6"]
[White "Picanol Alemany, Antonio"]
[Black "Gonzalez Garcia, Marc"]
[Result "1/2-1/2"]
[WhiteElo "2325"]
[BlackElo "2237"]
[PlyCount "94"]
[EventDate "2012.10.03"]
[EventType "swiss"]
[EventRounds "9"]
[EventCountry "ESP"]
[SourceTitle "EXT 2014"]
[Source "ChessBase"]
[SourceDate "2013.11.20"]
[SourceVersion "1"]
[SourceVersionDate "2013.11.20"]
[SourceQuality "1"]

1. c4 c6 2. g3 Nf6 3. Nf3 d5 4. Bg2 dxc4 5. Na3 b5 6. Ne5 Qc7 7. d4 Bb7 8. 0-0 e6 9. e4 Nbd7 10. Bf4 Qb6 11. Nc2 Be7 12. Ne3 Rd8 13. d5 Nxe5 14. Bxe5 cxd5 15. exd5 Nxd5 16. Bxd5 Bxd5 17. Bxg7 Rg8 18. Bd4 Bc5 19. Bxc5 Qxc5 20. Qh5 Qd4 21. Rad1 Qe4 22. Nxd5 Rxd5 23. Rxd5 Qxd5 24. Qxh7 Rg4 25. Qh8+ Ke7 26. Qc3 Rd4 27. Qa3+ Kf6 28. Qxa7 Rd2 29. Qa3 Qd4 30. Qf3+ Kg7 31. Re1 Rxb2 32. Re4 Rb1+ 33. Kg2 Qd5 34. Qc3+ f6 35. f3 Rd1 36. Qa3 Kf7 37. Qa7+ Qd7 38. Qxd7+ Rxd7 39. Re2 b4 40. Kf2 Ke7 41. Rb2 Rb7 42. Ke3 e5 43. f4 Ke6 44. fxe5 Kxe5 45. g4 Kd5 46. Rf2 Re7+ 47. Kd2 Re6 1/2-1/2

[Event "Barcelona Ateneu Colon op 7th"]
[Site "Barcelona"]
[Date "2012.04.11"]
[Round "4"]
[White "Picanol Alemany, Antonio"]
[Black "Perez Mitjans, Orelvis"]
[Result "0-1"]
[WhiteElo "2295"]
[BlackElo "2482"]
[PlyCount "130"]
[EventDate "2012.03.14"]
[EventType "swiss"]
[EventRounds "9"]
[EventCountry "ESP"]
[SourceTitle "EXT 2013"]
[Source "ChessBase"]
[SourceDate "2012.11.22"]
[SourceVersion "1"]
[SourceVersionDate "2012.11.22"]
[SourceQuality "1"]

1. c4 c6 2. g3 Nf6 3. Nf3 Qa5 4. Bg2 e5 5. 0-0 e4 6. Ne1 h5 7. Nc3 h4 8. Nxe4 Nxe4 9. Bxe4 hxg3 10. fxg3 Qc5+ 11. d4 Qxc4 12. Nf3 f6 13. Bg6+ Kd8 14. e4 d6 15. b3 Qa6 16. Ng5 fxg5 17. Bxg5+ Kc7 18. Rf7+ Bd7 19. Qf3 Qa5 20. h4 Qb4 21. Rd1 d5 22. e5 Bd6 23. exd6+ Kb6 24. Bf5 Bxf5 25. Qxf5 Qxd6 26. Bf4 Qb4 27. Qe5 Ka6 28. Bd2 Qb5 29. a4 Qxb3 30. Qe2+ Qc4 31. Qe7 Qb3 32. Kh2 c5 33. Qxc5 Nc6 34. Qb5+ Qxb5 35. axb5+ Kxb5 36. Rxb7+ Kc4 37. Rc1+ Kd3 38. Rxc6 Kxd2 39. Ra6 g5 40. Kh3 gxh4 41. gxh4 Rae8 42. Raxa7 Re3+ 43. Kg2 Re4 44. Rh7 Rg8+ 45. Kf3 Rf8+ 46. Raf7 Rxf7+ 47. Rxf7 Rxh4 48. Ra7 Rxd4 49. Ra2+ Kc3 50. Ra3+ Kb4 51. Re3 Rd2 52. Re7 Kc3 53. Ke3 d4+ 54. Kf3 Ra2 55. Rc7+ Kd3 56. Rd7 Ra8 57. Kf2 Re8 58. Rd6 Kc3 59. Rc6+ Kd2 60. Ra6 Rf8+ 61. Kg2 d3 62. Rd6 Kc2 63. Rc6+ Kd1 64. Rd6 d2 65. Rd5 Rc8 0-1

[Event "Barcelona Ateneu Colon op 7th"]
[Site "Barcelona"]
[Date "2012.03.28"]
[Round "3"]
[White "Vallbona Domingo, Joan"]
[Black "Picanol Alemany, Antonio"]
[Result "0-1"]
[WhiteElo "1995"]
[BlackElo "2295"]
[PlyCount "58"]
[EventDate "2012.03.14"]
[EventType "swiss"]
[EventRounds "9"]
[EventCountry "ESP"]
[SourceTitle "EXT 2013"]
[Source "ChessBase"]
[SourceDate "2012.11.22"]
[SourceVersion "1"]
[SourceVersionDate "2012.11.22"]
[SourceQuality "1"]

1. d4 Nf6 2. Nf3 c5 3. d5 d6 4. Nc3 e5 5. Bg5 Be7 6. Bxf6 Bxf6 7. Qd3 a6 8. a4 Nd7 9. g3 Nf8 10. h4 Qb6 11. Nd2 Be7 12. Nc4 Qc7 13. a5 Nd7 14. Bg2 b5 15. axb6 Nxb6 16. 0-0 0-0 17. f4 exf4 18. Rxf4 Nxc4 19. Qxc4 Rb8 20. Qd3 Rxb2 21. Be4 g6 22. Qf3 Rb4 23. Rf1 Bh3 24. Rf2 f5 25. h5 Bg5 26. Kh2 Bxf4 27. Qxf4 Bg4 28. hxg6 hxg6 29. Qg5 Qg7 0-1